[Event "Cardiff Welsh op"]
[Site "Cardiff"]
[Date "2023.04.08"]
[Round "4"]
[White "Jones, Jeremy"]
[Black "Kong, Emma Zihan"]
[Result "0-1"]
[WhiteElo "1580"]
[BlackElo "1223"]
[PlyCount "90"]
[EventDate "2023.04.07"]
[EventType "swiss"]
[EventRounds "7"]
[EventCountry "WLS"]
[SourceTitle "EXT 2024"]
[Source "ChessBase"]
[SourceDate "2023.10.10"]
[SourceVersion "1"]
[SourceVersionDate "2023.10.10"]
[SourceQuality "1"]

1. d4 d5 2. c4 c6 3. cxd5 cxd5 4. Nf3 Nf6 5. Nc3 Nc6 6. e3 Bg4 7. Be2 e6 8. 0-0 Bd6 9. h3 Bh5 10. Nd2 Bg6 11. Nb3 a6 12. Bd3 Bc7 13. g3 Qd6 14. f4 Nb4 15. Bxg6 hxg6 16. Kg2 g5 17. a3 Nc6 18. Nc5 b6 19. Nd3 gxf4 20. Nxf4 g5 21. Nfe2 Nh5 22. Qe1 f6 23. Bd2 Ne7 24. e4 dxe4 25. Nxe4 Qc6 26. Qf2 Qxe4+ 27. Qf3 Qxf3+ 28. Rxf3 Nd5 29. Nc3 Nxc3 30. Bxc3 Rf8 31. Re1 Kd7 32. Bb4 Bd6 33. Bc3 Rae8 34. Ref1 Be7 35. Be1 Rc8 36. Bc3 f5 37. Rd3 f4 38. d5 exd5 39. Rxd5+ Kc6 40. Re5 Rce8 41. Re6+ Kb7 42. Rfe1 f3+ 43. Kf1 Nxg3+ 44. Kf2 Bc5+ 45. Kxg3 Rxe6 0-1

[Event "South Wales op 17th"]
[Site "Bridgend"]
[Date "2022.07.07"]
[Round "2"]
[White "Khan, Mohammed"]
[Black "Jones, Jeremy"]
[Result "1/2-1/2"]
[WhiteElo "2035"]
[BlackElo "1574"]
[PlyCount "64"]
[EventDate "2022.07.07"]
[EventType "swiss"]
[EventRounds "9"]
[EventCountry "WLS"]
[SourceTitle "CBM 209 Extra"]
[Source "ChessBase"]
[SourceDate "2022.09.30"]
[SourceVersion "1"]
[SourceVersionDate "2022.09.30"]
[SourceQuality "1"]

1. e4 c5 2. Nc3 d6 3. g3 Nc6 4. Bg2 g6 5. d3 Bg7 6. Nge2 e6 7. h3 Nge7 8. Be3 a6 9. Qd2 b5 10. Bh6 0-0 11. Bxg7 Kxg7 12. 0-0 b4 13. Nd1 Rb8 14. Ne3 Bb7 15. Rae1 d5 16. exd5 exd5 17. g4 d4 18. Nc4 Na5 19. Nf4 Nxc4 20. dxc4 Bxg2 21. Kxg2 Re8 22. Re5 Qd6 23. Rfe1 f6 24. Re6 Qd7 25. Qe2 Kf7 26. Kg1 Nc6 27. Rxe8 Rxe8 28. Qxe8+ Qxe8 29. Rxe8 Kxe8 30. Ne6 Ne5 31. b3 Nd7 32. Nc7+ Ke7 1/2-1/2

[Event "South Wales Challengers"]
[Site "Bridgend"]
[Date "2019.07.09"]
[Round "4"]
[White "Curry, Kenneth"]
[Black "Jones, Jeremy"]
[Result "1-0"]
[WhiteElo "1139"]
[BlackElo "1457"]
[PlyCount "61"]
[EventDate "2019.07.07"]
[EventType "swiss"]
[EventRounds "6"]
[EventCountry "WLS"]
[SourceTitle "EXT 2020"]
[Source "ChessBase"]
[SourceDate "2019.10.17"]
[SourceVersion "1"]
[SourceVersionDate "2019.10.17"]
[SourceQuality "1"]

1. d4 Nf6 2. Nf3 g6 3. Bf4 Bg7 4. e3 0-0 5. Bd3 d6 6. h3 c5 7. c3 cxd4 8. exd4 e5 9. dxe5 Nh5 10. Bh2 dxe5 11. 0-0 f5 12. Bc4+ Kh8 13. Bxe5 Nc6 14. Bxg7+ Nxg7 15. Nbd2 Na5 16. b4 Nxc4 17. Nxc4 Be6 18. Nce5 Qc7 19. Qc2 Rac8 20. Rac1 Bc4 21. Rfe1 Nh5 22. Ng5 Nf6 23. Qd2 Rfe8 24. Nxc4 Rxe1+ 25. Rxe1 Qxc4 26. Re7 Qxc3 27. Nf7+ Kg8 28. Nh6+ Kh8 29. Qd6 Qc1+ 30. Kh2 Ne4 31. Qe5+ 1-0

[Event "South Wales Challengers"]
[Site "Bridgend"]
[Date "2019.07.07"]
[Round "2"]
[White "Harding, Gareth"]
[Black "Jones, Jeremy"]
[Result "1/2-1/2"]
[WhiteElo "1557"]
[BlackElo "1457"]
[PlyCount "41"]
[EventDate "2019.07.07"]
[EventType "swiss"]
[EventRounds "6"]
[EventCountry "WLS"]
[SourceTitle "EXT 2020"]
[Source "ChessBase"]
[SourceDate "2019.10.17"]
[SourceVersion "1"]
[SourceVersionDate "2019.10.17"]
[SourceQuality "1"]

1. d4 Nf6 2. Nc3 g6 3. Bf4 Bg7 4. e3 0-0 5. h4 Nh5 6. Bh2 c5 7. Be2 cxd4 8. exd4 Nf6 9. h5 Qb6 10. Rb1 Nc6 11. hxg6 fxg6 12. Nf3 Ng4 13. Bc4+ e6 14. Bg3 Nxd4 15. Rh4 Nxf3+ 16. gxf3 Ne5 17. Be2 d5 18. Kf1 Bd7 19. Kg2 Rf5 20. f4 Nc6 21. Bd3 1/2-1/2

[Event "South Wales Autumn Premier"]
[Site "Newport"]
[Date "2018.11.18"]
[Round "5"]
[White "Jones, Jeremy"]
[Black "Williams, Ron"]
[Result "1/2-1/2"]
[WhiteElo "1584"]
[BlackElo "1683"]
[PlyCount "44"]
[EventDate "2018.11.16"]
[EventType "swiss"]
[EventRounds "5"]
[EventCountry "WLS"]
[SourceTitle "EXT 2020"]
[Source "ChessBase"]
[SourceDate "2019.10.17"]
[SourceVersion "1"]
[SourceVersionDate "2019.10.17"]
[SourceQuality "1"]

1. e4 d6 2. d4 Nf6 3. Nc3 Nbd7 4. Nf3 e5 5. Bc4 Be7 6. dxe5 dxe5 7. 0-0 c6 8. Bg5 Qc7 9. Bb3 h6 10. Be3 Nf8 11. h3 g5 12. Nxe5 Qxe5 13. f4 gxf4 14. Bxf4 Qc5+ 15. Kh1 Qh5 16. e5 Qxd1 17. Raxd1 Nh5 18. Bh2 Be6 19. g4 Ng7 20. Ne4 Ng6 21. Nf6+ Kf8 22. Nd7+ Ke8 1/2-1/2

[Event "South Wales Autumn Premier"]
[Site "Newport"]
[Date "2018.11.18"]
[Round "4"]
[White "Shaw, Tony"]
[Black "Jones, Jeremy"]
[Result "1-0"]
[WhiteElo "1525"]
[BlackElo "1584"]
[PlyCount "55"]
[EventDate "2018.11.16"]
[EventType "swiss"]
[EventRounds "5"]
[EventCountry "WLS"]
[SourceTitle "EXT 2020"]
[Source "ChessBase"]
[SourceDate "2019.10.17"]
[SourceVersion "1"]
[SourceVersionDate "2019.10.17"]
[SourceQuality "1"]

1. e4 e5 2. Nf3 Nc6 3. Bb5 a6 4. Ba4 b5 5. Bb3 Nf6 6. d3 Be7 7. 0-0 0-0 8. c3 Na5 9. Bc2 d6 10. h3 h6 11. Nbd2 Be6 12. d4 exd4 13. Nxd4 Bd7 14. Re1 c5 15. N4f3 Nc6 16. Nf1 Ne5 17. Bf4 Nxf3+ 18. Qxf3 Bc6 19. Rad1 d5 20. e5 Nd7 21. Qd3 f5 22. g4 c4 23. Qf3 fxg4 24. Qxg4 g5 25. Qe6+ Rf7 26. Bg6 Qf8 27. Bg3 Rc8 28. Bxf7+ 1-0

[Event "South Wales Autumn Premier"]
[Site "Newport"]
[Date "2018.11.17"]
[Round "3"]
[White "Jones, Jeremy"]
[Black "Davies, Gareth"]
[Result "1/2-1/2"]
[WhiteElo "1584"]
[BlackElo "1427"]
[PlyCount "63"]
[EventDate "2018.11.16"]
[EventType "swiss"]
[EventRounds "5"]
[EventCountry "WLS"]
[SourceTitle "EXT 2020"]
[Source "ChessBase"]
[SourceDate "2019.10.17"]
[SourceVersion "1"]
[SourceVersionDate "2019.10.17"]
[SourceQuality "1"]

1. d4 d5 2. c4 e6 3. Nf3 Nf6 4. Nc3 c6 5. cxd5 exd5 6. Bg5 Be7 7. e3 h6 8. Bf4 Bf5 9. Bd3 Bxd3 10. Qxd3 Nbd7 11. 0-0 0-0 12. Rfe1 Nh5 13. Be5 Nxe5 14. Nxe5 Nf6 15. Rad1 Re8 16. f3 Bb4 17. a3 Bxc3 18. Qxc3 Rc8 19. b4 a6 20. Nd3 Re7 21. Nc5 Qc7 22. e4 dxe4 23. fxe4 Rd8 24. Rd3 Rde8 25. Red1 Qf4 26. Rf1 Qc7 27. Rxf6 gxf6 28. Rg3+ Kh7 29. Qf3 Rg8 30. Rxg8 Kxg8 31. Qxf6 Kh7 32. Qf5+ 1/2-1/2

[Event "South Wales Autumn Premier"]
[Site "Newport"]
[Date "2018.11.16"]
[Round "1"]
[White "Jones, Jeremy"]
[Black "O'Rourke, Kevin1111"]
[Result "1-0"]
[WhiteElo "1584"]
[BlackElo "1261"]
[PlyCount "119"]
[EventDate "2018.11.16"]
[EventType "swiss"]
[EventRounds "5"]
[EventCountry "WLS"]
[SourceTitle "EXT 2020"]
[Source "ChessBase"]
[SourceDate "2019.10.17"]
[SourceVersion "1"]
[SourceVersionDate "2019.10.17"]
[SourceQuality "1"]

1. e4 e5 2. Nf3 d6 3. Bc4 h6 4. 0-0 Nf6 5. Nc3 Be7 6. d4 exd4 7. Nxd4 Nbd7 8. Nf5 Ne5 9. Bb3 0-0 10. Nd5 Nxd5 11. Bxd5 Bf6 12. f4 Ng6 13. Rf3 Bxf5 14. exf5 Ne7 15. Be4 d5 16. Bd3 c5 17. g4 Kh8 18. g5 Bd4+ 19. Kh1 c4 20. c3 cxd3 21. gxh6 Nxf5 22. cxd4 Nxh6 23. f5 Qd6 24. Bxh6 Qxh6 25. Qxd3 Kg8 26. Rh3 Qf6 27. Rg1 Rae8 28. Rhg3 Re4 29. Rg4 Rfe8 30. Rxe4 Rxe4 31. Qg3 Rxd4 32. h3 Rh4 33. Qb8+ Kh7 34. Qg3 Rh5 35. Rf1 g6 36. fxg6+ Qxg6 37. Qxg6+ fxg6 38. Kg2 Rf5 39. Re1 d4 40. Re7+ Kh6 41. Rxb7 Rd5 42. Kf2 d3 43. Ke1 a6 44. Kd2 Rb5 45. Rxb5 axb5 46. a3 Kh5 47. b3 Kh4 48. a4 bxa4 49. bxa4 Kxh3 50. a5 g5 51. a6 g4 52. a7 g3 53. a8Q g2 54. Qh8+ Kg3 55. Qg7+ Kf2 56. Qf6+ Kg1 57. Kxd3 Kh2 58. Qh4+ Kg1 59. Ke3 Kf1 60. Qf2# 1-0

[Event "WLS-ch Minor 64th"]
[Site "Cardiff"]
[Date "2018.03.30"]
[Round "1"]
[White "Christmas, Rosie"]
[Black "Jones, Jeremy"]
[Result "1/2-1/2"]
[WhiteElo "1133"]
[BlackElo "1520"]
[PlyCount "64"]
[EventDate "2018.03.30"]
[EventType "swiss"]
[EventRounds "7"]
[EventCountry "WLS"]
[SourceTitle "EXT 2021"]
[Source "ChessBase"]
[SourceDate "2020.10.23"]
[SourceVersion "1"]
[SourceVersionDate "2020.10.23"]
[SourceQuality "1"]

1. d4 d5 2. Bf4 Bf5 3. e3 e6 4. Nd2 Bd6 5. Bxd6 Qxd6 6. Ngf3 Nf6 7. Be2 0-0 8. 0-0 Nbd7 9. c4 b6 10. a3 c5 11. dxc5 bxc5 12. Re1 Rab8 13. b3 Ne5 14. Nxe5 Qxe5 15. Nf3 Qb2 16. cxd5 exd5 17. b4 c4 18. Qd4 Qxd4 19. Nxd4 Bd7 20. Rac1 a5 21. bxa5 Ra8 22. f3 Rxa5 23. e4 dxe4 24. fxe4 Rxa3 25. Bxc4 Re8 26. e5 Ng4 27. e6 fxe6 28. Nxe6 Kh8 29. Ng5 h6 30. Nf7+ Kh7 31. Rxe8 Bxe8 32. Re1 Re3 1/2-1/2

[Event "WLS-ch Minor 64th"]
[Site "Cardiff"]
[Date "2018.03.30"]
[Round "2"]
[White "Jones, Jeremy"]
[Black "Smith, Ellison"]
[Result "0-1"]
[WhiteElo "1520"]
[BlackElo "1379"]
[PlyCount "68"]
[EventDate "2018.03.30"]
[EventType "swiss"]
[EventRounds "7"]
[EventCountry "WLS"]
[SourceTitle "EXT 2021"]
[Source "ChessBase"]
[SourceDate "2020.10.23"]
[SourceVersion "1"]
[SourceVersionDate "2020.10.23"]
[SourceQuality "1"]

1. d4 d5 2. c4 c6 3. Nc3 e6 4. Nf3 Nf6 5. cxd5 cxd5 6. Bg5 Be7 7. e3 Nc6 8. Bb5 a6 9. Ba4 b5 10. Bc2 Bb7 11. 0-0 Rc8 12. Qb1 h6 13. Bxf6 Bxf6 14. e4 Nxd4 15. Nxd4 Bxd4 16. exd5 Bxc3 17. dxe6 Bf6 18. exf7+ Kxf7 19. Rd1 Qc7 20. Bg6+ Kf8 21. Rd2 Qc6 22. f3 Qc5+ 23. Kh1 Bd5 24. Qd3 Bf7 25. Bxf7 Kxf7 26. Qd7+ Qe7 27. Qd5+ Qe6 28. Qxe6+ Kxe6 29. Re1+ Kf7 30. Rd7+ Kg6 31. Rd6 Rhe8 32. Red1 Rcd8 33. g4 Re1+ 34. Kg2 Rxd1 0-1

[Event "WLS-ch Minor"]
[Site "Cardiff"]
[Date "2017.04.17"]
[Round "6"]
[White "Hughes, Beryl"]
[Black "Jones, Jeremy"]
[Result "1-0"]
[WhiteElo "1444"]
[BlackElo "1576"]
[PlyCount "101"]
[EventDate "2017.04.14"]
[EventType "swiss"]
[EventRounds "7"]
[EventCountry "WLS"]
[SourceTitle "EXT 2022"]
[Source "ChessBase"]
[SourceDate "2021.10.06"]
[SourceVersion "1"]
[SourceVersionDate "2021.10.06"]
[SourceQuality "1"]

1. d4 d5 2. Nf3 Nf6 3. e3 e6 4. Bd3 c5 5. c3 c4 6. Bc2 Bd6 7. Nbd2 0-0 8. 0-0 Nc6 9. Qe2 b5 10. e4 dxe4 11. Nxe4 Be7 12. Nxf6+ Bxf6 13. Qe4 g6 14. Qxc6 Bd7 15. Qe4 Qc7 16. Bf4 Qc6 17. Qxc6 Bxc6 18. Ne5 Bxe5 19. Bxe5 Bd5 20. Rae1 f6 21. Bg3 Rfd8 22. Be4 Kf7 23. Bxd5 Rxd5 24. Re3 Re8 25. Rfe1 a6 26. f4 f5 27. Re5 Rd6 28. d5 Kf6 29. Bh4+ Kf7 30. dxe6+ Rdxe6 31. Rxe6 Rxe6 32. Rxe6 Kxe6 33. Kf2 Kd5 34. Kf3 a5 35. Bf2 a4 36. h3 Ke6 37. g4 Kd5 38. Bd4 Ke6 39. Ke3 Kd5 40. Ba7 fxg4 41. hxg4 h5 42. f5 gxf5 43. gxh5 Ke5 44. Bb8+ Kf6 45. Kf4 b4 46. Be5+ Ke6 47. h6 b3 48. axb3 cxb3 49. h7 a3 50. h8Q axb2 51. Qh1 1-0

[Event "WLS-ch Minor"]
[Site "Cardiff"]
[Date "2017.04.14"]
[Round "2"]
[White "Jones, Jeremy"]
[Black "Rees, Morgan"]
[Result "1-0"]
[WhiteElo "1576"]
[BlackElo "1234"]
[PlyCount "105"]
[EventDate "2017.04.14"]
[EventType "swiss"]
[EventRounds "7"]
[EventCountry "WLS"]
[SourceTitle "EXT 2022"]
[Source "ChessBase"]
[SourceDate "2021.10.06"]
[SourceVersion "1"]
[SourceVersionDate "2021.10.06"]
[SourceQuality "1"]

1. e4 e5 2. Nf3 Nc6 3. Bc4 h6 4. 0-0 Nf6 5. Nc3 d6 6. h3 Be7 7. d4 exd4 8. Nxd4 Nxd4 9. Qxd4 c5 10. Qe3 0-0 11. Nd5 Re8 12. Qd3 a6 13. a4 b6 14. f3 Bb7 15. Qb3 Nxd5 16. Bxd5 Bxd5 17. Qxd5 Qc7 18. Bf4 c4 19. Rad1 Qc5+ 20. Qxc5 dxc5 21. Rd7 Bf6 22. c3 Be5 23. Bxe5 Rxe5 24. Rfd1 b5 25. Rb7 bxa4 26. Rdd7 Rf8 27. Ra7 Ree8 28. Rxa6 Ra8 29. Raa7 a3 30. bxa3 Rxa7 31. Rxa7 Rb8 32. Ra4 Rb3 33. Rxc4 Rxa3 34. Rxc5 f6 35. Rc7 Kf8 36. Kf2 g5 37. g4 Ke8 38. Kg3 Kd8 39. Rh7 Rxc3 40. Rxh6 Ke7 41. h4 gxh4+ 42. Rxh4 Ke6 43. Kf4 Rc5 44. Rh5 Rc4 45. Rd5 Rb4 46. Ra5 Rb6 47. g5 Kf7 48. Rf5 Kg6 49. Rxf6+ Rxf6+ 50. gxf6 Kxf6 51. e5+ Ke7 52. Kf5 Ke8 53. Kf6 1-0

[Event "South Wales Autumn Major op"]
[Site "Pencoed"]
[Date "2016.10.07"]
[Round "1"]
[White "Cox, John"]
[Black "Jones, Jeremy"]
[Result "1-0"]
[WhiteElo "1441"]
[BlackElo "1600"]
[PlyCount "79"]
[EventDate "2016.10.07"]
[EventType "swiss"]
[EventRounds "5"]
[EventCountry "WLS"]
[SourceTitle "EXT 2024"]
[Source "ChessBase"]
[SourceDate "2023.10.10"]
[SourceVersion "1"]
[SourceVersionDate "2023.10.10"]
[SourceQuality "1"]

1. e4 e5 2. Nf3 Nc6 3. d4 exd4 4. Nxd4 Qf6 5. Nxc6 Bc5 6. Qf3 Qxc6 7. Bd3 d6 8. Nc3 Be6 9. Bb5 Ne7 10. Bxc6+ Nxc6 11. Be3 Ne5 12. Qd1 Bxe3 13. fxe3 0-0 14. Nd5 Bxd5 15. exd5 Rae8 16. 0-0 Nc4 17. Rf3 Ne5 18. Qd4 Nxf3+ 19. gxf3 b6 20. Re1 Re5 21. e4 Rfe8 22. f4 R5e7 23. e5 Kf8 24. Kf2 h6 25. c4 a5 26. Kf3 Kg8 27. a3 Kf8 28. h4 Kg8 29. h5 Kf8 30. b4 axb4 31. axb4 Ra8 32. Re3 Ra4 33. b5 Re8 34. exd6 Rxe3+ 35. Kxe3 cxd6 36. Qxb6 Ke7 37. Qc7+ Kf6 38. Qxd6+ Kf5 39. b6 Rxc4 40. Qd7+ 1-0

[Event "South Wales op 13th"]
[Site "Cardiff"]
[Date "2016.07.07"]
[Round "1"]
[White "Jones, Jeremy"]
[Black "Jaunooby, Ali Reza"]
[Result "0-1"]
[WhiteElo "1595"]
[BlackElo "2158"]
[PlyCount "112"]
[EventDate "2016.07.07"]
[EventType "swiss"]
[EventRounds "10"]
[EventCountry "WLS"]
[SourceTitle "EXT 2017"]
[Source "ChessBase"]
[SourceDate "2016.10.25"]
[SourceVersion "1"]
[SourceVersionDate "2016.10.25"]
[SourceQuality "1"]

1. e4 d5 2. exd5 Nf6 3. d4 Nxd5 4. c4 Nb4 5. a3 N4c6 6. d5 Ne5 7. Be2 g6 8. f4 Ned7 9. Bd2 Bg7 10. Nc3 c6 11. Nf3 0-0 12. 0-0 Qb6+ 13. Kh1 Qxb2 14. Ra2 Qb6 15. dxc6 bxc6 16. Qc2 Nc5 17. Na4 Nxa4 18. Qxa4 Nd7 19. Qc2 Nc5 20. Bc3 Bf5 21. Qb2 Na4 22. Qxb6 axb6 23. Bxg7 Kxg7 24. Nd4 Be4 25. Bf3 Nc3 26. Rb2 Bxf3 27. Nxf3 Na4 28. Rd2 Rfd8 29. Rfd1 Rxd2 30. Rxd2 Nc3 31. h3 Rxa3 32. Rd7 Kf6 33. Rc7 c5 34. Rc6+ Kf5 35. Rxb6 Kxf4 36. Kh2 f6 37. Re6 Ra7 38. Ne1 Rd7 39. Nf3 Ne4 40. Ng1 Nd6 41. Ne2+ Kf5 42. Re3 e5 43. Ng3+ Ke6 44. Ne4 Nxe4 45. Rxe4 Rd4 46. Re1 Rxc4 47. Ra1 Rd4 48. Kg1 c4 49. Ra6+ Rd6 50. Ra3 Rc6 51. Rc3 Kd5 52. Kf2 Kd4 53. Rc1 c3 54. Ke2 Rb6 55. Rd1+ Ke4 56. Rc1 Rb2+ 0-1

[Event "South Wales op 13th"]
[Site "Cardiff"]
[Date "2016.07.07"]
[Round "2"]
[White "Parry, Matthew"]
[Black "Jones, Jeremy"]
[Result "1-0"]
[WhiteElo "1909"]
[BlackElo "1595"]
[PlyCount "65"]
[EventDate "2016.07.07"]
[EventType "swiss"]
[EventRounds "10"]
[EventCountry "WLS"]
[SourceTitle "EXT 2017"]
[Source "ChessBase"]
[SourceDate "2016.10.25"]
[SourceVersion "1"]
[SourceVersionDate "2016.10.25"]
[SourceQuality "1"]

1. d4 d5 2. c4 c6 3. Nf3 Nf6 4. Nc3 e6 5. cxd5 exd5 6. Bg5 Be7 7. Qc2 h6 8. Bh4 Be6 9. e3 0-0 10. Bd3 Nbd7 11. 0-0 Bd6 12. a3 Bg4 13. Nd2 Be6 14. e4 dxe4 15. Ndxe4 Be7 16. Bg3 Nxe4 17. Nxe4 Nf6 18. Nc5 Qxd4 19. Nxe6 fxe6 20. Rad1 Qc5 21. Qe2 e5 22. Bxe5 Nd5 23. Qe4 Nf6 24. Bxf6 Rxf6 25. Qh7+ Kf7 26. b4 Qc3 27. Rc1 Qxa3 28. Bc4+ Ke8 29. Qg8+ Rf8 30. Qxg7 Rd8 31. Rcd1 Rxd1 32. Rxd1 Qxb4 33. Qg6+ 1-0

[Event "South Wales op 12th"]
[Site "Cardiff"]
[Date "2015.07.15"]
[Round "8"]
[White "Waterfield, John"]
[Black "Jones, Jeremy"]
[Result "1-0"]
[WhiteElo "1913"]
[BlackElo "1598"]
[PlyCount "65"]
[EventDate "2015.07.11"]
[EventType "swiss"]
[EventRounds "10"]
[EventCountry "WLS"]
[SourceTitle "EXT 2016"]
[Source "ChessBase"]
[SourceDate "2015.10.08"]
[SourceVersion "1"]
[SourceVersionDate "2015.10.08"]
[SourceQuality "1"]

1. e4 e5 2. Nf3 Nc6 3. Nc3 Nf6 4. d4 d5 5. dxe5 dxe4 6. Qxd8+ Kxd8 7. exf6 exf3 8. Bg5 g6 9. 0-0-0+ Bd6 10. Nb5 Re8 11. g3 Bd7 12. Nxd6 cxd6 13. Bc4 Ne5 14. Bd5 Kc7 15. Rd2 Be6 16. Rhd1 Bxd5 17. Rxd5 Re6 18. h3 Rae8 19. b3 Nd7 20. Bf4 Nxf6 21. Rxd6 Kc8 22. R6d3 Rc6 23. Rxf3 Ne4 24. Re3 Ree6 25. Red3 Re8 26. Be3 Nc3 27. R1d2 Nxa2+ 28. Kb2 Nb4 29. Rd4 Na6 30. b4 Nc7 31. Rd7 Rf6 32. Bg5 Rf5 33. Rd8+ 1-0

[Event "Tom Weston Major op"]
[Site "Cardiff"]
[Date "2015.04.03"]
[Round "2"]
[White "Jones, Jeremy"]
[Black "Dineen, Robert"]
[Result "1/2-1/2"]
[WhiteElo "1599"]
[BlackElo "1799"]
[PlyCount "69"]
[EventDate "2015.04.03"]
[EventType "swiss"]
[EventRounds "7"]
[EventCountry "WLS"]
[SourceTitle "EXT 2018"]
[Source "ChessBase"]
[SourceDate "2017.10.13"]
[SourceVersion "1"]
[SourceVersionDate "2017.10.13"]
[SourceQuality "1"]

1. d4 d5 2. c4 c6 3. Nc3 Nf6 4. cxd5 cxd5 5. Bg5 e6 6. e3 Nc6 7. Bd3 Be7 8. Nge2 0-0 9. 0-0 h6 10. Bh4 Ne8 11. Bxe7 Qxe7 12. a3 f5 13. f3 Nd6 14. b4 Bd7 15. Qb3 Rac8 16. e4 dxe4 17. fxe4 Qg5 18. Kh1 f4 19. Rf3 Kh8 20. e5 Nf5 21. Bxf5 Rxf5 22. Ne4 Qg6 23. Nd6 Nxe5 24. dxe5 Rxe5 25. Nxf4 Qf6 26. Nd3 Rf5 27. Raf1 Rxf3 28. gxf3 Rc3 29. Qd1 Rxa3 30. Nxb7 Bb5 31. Nbc5 Bc6 32. Qe2 Bd5 33. Ne4 Qf5 34. Ndf2 Ra2 35. Qe3 1/2-1/2

[Event "Dyfed op 44th"]
[Site "Fishguard"]
[Date "2015.02.22"]
[Round "5"]
[White "Jones, Jeremy"]
[Black "Butcher, Brian"]
[Result "1/2-1/2"]
[WhiteElo "1604"]
[BlackElo "1650"]
[PlyCount "87"]
[EventDate "2015.02.20"]
[EventType "swiss"]
[EventRounds "5"]
[EventCountry "WLS"]
[SourceTitle "EXT 2018"]
[Source "ChessBase"]
[SourceDate "2017.10.13"]
[SourceVersion "1"]
[SourceVersionDate "2017.10.13"]
[SourceQuality "1"]

1. d4 d5 2. c4 c6 3. Nc3 Nf6 4. cxd5 cxd5 5. Nf3 Nc6 6. Bg5 e6 7. e3 h6 8. Bf4 Bd7 9. Be2 a6 10. 0-0 Nh5 11. Bg3 b5 12. e4 Nxg3 13. hxg3 dxe4 14. Nxe4 Nb4 15. Ne5 Bc6 16. Nxc6 Nxc6 17. d5 Qxd5 18. Qxd5 exd5 19. Nc3 Rd8 20. Bf3 Ne7 21. Rfe1 Kd7 22. Nxd5 Nxd5 23. Bxd5 f6 24. Rad1 Bd6 25. Rd3 Rhe8 26. Red1 Kc7 27. Bf3 Be5 28. Rxd8 Rxd8 29. Rxd8 Kxd8 30. b3 Kc7 31. Kf1 Kb6 32. Ke2 Kc5 33. Be4 Kd4 34. Bd3 Kc5 35. Kd2 Bd4 36. f3 a5 37. a4 b4 38. Be4 Bf2 39. g4 Kd4 40. Bf5 Bg3 41. Bg6 Bf4+ 42. Ke2 Kc3 43. Bf7 g6 44. Bc4 1/2-1/2

[Event "South Wales Autumn op"]
[Site "Wales"]
[Date "2014.10.12"]
[Round "5"]
[White "Ralphs, Nigel"]
[Black "Jones, Jeremy"]
[Result "1-0"]
[WhiteElo "1921"]
[BlackElo "1585"]
[PlyCount "47"]
[EventDate "2014.10.10"]
[EventType "swiss"]
[EventRounds "5"]
[EventCountry "WLS"]
[SourceTitle "EXT 2016"]
[Source "ChessBase"]
[SourceDate "2015.10.08"]
[SourceVersion "1"]
[SourceVersionDate "2015.10.08"]
[SourceQuality "1"]

1. e4 e5 2. Nf3 Nc6 3. Bb5 a6 4. Ba4 b5 5. Bb3 Nf6 6. 0-0 Na5 7. Nxe5 Nxb3 8. axb3 Be7 9. d3 0-0 10. Nc3 Bb7 11. Be3 d5 12. exd5 Nxd5 13. Nf3 Bf6 14. d4 Nxe3 15. fxe3 Re8 16. Re1 b4 17. Na4 Bg5 18. Nc5 Be4 19. Nxe4 Rxe4 20. Qd3 Rg4 21. Qf5 Qc8 22. Qxc8+ Rxc8 23. h3 Rg3 24. Kf2 1-0

[Event "South Wales op 10th"]
[Site "Penarth"]
[Date "2013.07.18"]
[Round "8"]
[White "Staniforth, Matthew"]
[Black "Jones, Jeremy"]
[Result "1-0"]
[WhiteElo "1897"]
[BlackElo "1621"]
[PlyCount "73"]
[EventDate "2013.07.14"]
[EventType "swiss"]
[EventRounds "9"]
[EventCountry "WLS"]
[SourceTitle "CBM 155 Extra"]
[Source "ChessBase"]
[SourceDate "2013.08.26"]
[SourceVersion "1"]
[SourceVersionDate "2013.08.26"]
[SourceQuality "1"]

1. e4 e6 2. d4 d5 3. exd5 exd5 4. c4 c6 5. Nc3 Nf6 6. Nf3 h6 7. Bd3 Bd6 8. 0-0 0-0 9. Be3 Be6 10. Ne5 dxc4 11. Nxc4 Bc7 12. Ne5 Nbd7 13. Bf4 Nd5 14. Bg3 Nxc3 15. bxc3 Nxe5 16. dxe5 Qe7 17. Qe2 Qc5 18. Qe4 g6 19. Qb4 Bb6 20. Rad1 Qxb4 21. cxb4 Bxa2 22. Kh1 Rad8 23. f4 f5 24. Bh4 Rd4 25. Bc2 Rxd1 26. Rxd1 Be6 27. Rd6 Kf7 28. h3 Be3 29. g3 Rc8 30. Rxe6 g5 31. Rf6+ Kg7 32. Bxf5 Rd8 33. Rg6+ Kf8 34. fxg5 Rd1+ 35. Kg2 hxg5 36. Bxg5 Bxg5 37. Rxg5 1-0

[Event "BCF-chT3S 1213 (4NCL)"]
[Site "England"]
[Date "2013.01.12"]
[Round "3.120"]
[White "Jones, Jeremy"]
[Black "Conterno, Dominique"]
[Result "0-1"]
[WhiteElo "1603"]
[BlackElo "1897"]
[PlyCount "50"]
[EventDate "2012.11.03"]
[EventType "team-swiss"]
[EventRounds "6"]
[EventCountry "ENG"]
[SourceTitle "EXT 2014"]
[Source "ChessBase"]
[SourceDate "2013.11.20"]
[SourceVersion "1"]
[SourceVersionDate "2013.11.20"]
[SourceQuality "1"]
[WhiteTeam "BCM Hippos III"]
[BlackTeam "The Rookies"]
[WhiteTeamCountry "ENG"]
[BlackTeamCountry "ENG"]

1. d4 Nf6 2. c4 g6 3. Nc3 Bg7 4. e4 d6 5. Nf3 0-0 6. Be2 e5 7. d5 a5 8. 0-0 Nbd7 9. Bg5 h6 10. Bd2 Nc5 11. Qc2 Nh5 12. a3 a4 13. Be3 Nf4 14. Bd1 Bd7 15. Bxc5 dxc5 16. Ne2 g5 17. Rb1 g4 18. Ne1 f5 19. Nxf4 exf4 20. Nd3 fxe4 21. Nxc5 Bf5 22. Ne6 Qh4 23. Nxf4 e3 24. Nd3 exf2+ 25. Qxf2 Bxd3 0-1

[Event "BCF-chT3S 1213 (4NCL)"]
[Site "England"]
[Date "2012.11.04"]
[Round "2.210"]
[White "Jones, Jeremy"]
[Black "Cooke, Charlie"]
[Result "1/2-1/2"]
[WhiteElo "1603"]
[BlackElo "1789"]
[PlyCount "53"]
[EventDate "2012.11.03"]
[EventType "team-swiss"]
[EventRounds "6"]
[EventCountry "ENG"]
[SourceTitle "EXT 2014"]
[Source "ChessBase"]
[SourceDate "2013.11.20"]
[SourceVersion "1"]
[SourceVersionDate "2013.11.20"]
[SourceQuality "1"]
[WhiteTeam "BCM Eagles IV"]
[BlackTeam "Metropolitan"]
[WhiteTeamCountry "ENG"]
[BlackTeamCountry "ENG"]

1. d4 d5 2. c4 e6 3. Nc3 Nf6 4. cxd5 exd5 5. Bg5 Be7 6. e3 0-0 7. Bd3 c6 8. Qc2 Nbd7 9. Nf3 h6 10. Bh4 Re8 11. 0-0 g5 12. Bg3 Nh5 13. Rae1 Nxg3 14. hxg3 Bf6 15. Qd1 Nf8 16. Nh2 Bg7 17. f4 Be6 18. f5 Bc8 19. Qh5 f6 20. Ng4 Kh7 21. Kf2 Re7 22. Rh1 Qb6 23. Nd1 Qa5 24. Nc3 Kg8 25. Nxh6+ Kh7 26. Ng4+ Kg8 27. Nh6+ 1/2-1/2